=LDR 00000nam 2200000 4500 =001 INLIS000000000004020 =005 20250618095103 =035 ##$$a 0010-0625000225 =007 ta =008 250618###########################0#ind## =020 ##$$a - =082 ##$$a 378.2 =084 ##$$a 378.2 BAD a =245 1#$$a Aspek pendidikan dalam transformasi keuarga menuju keluarga kecil sejahtera : $b - /$c Yusmilarso =250 ##$$a cetakan pertama =260 ##$$a Semarang :$b Badan Koordinasi Keluarga Berencana Nasional,$c 1991 =300 ##$$a 12 halaman : $b - ; $c 21 cm$e - =600 #4$$a Keluarga Berencana =856 ##$$a Perpustakaan BKKBN =100 #$$a Yusmilarso